Statistics for KRAJI_1 - Julijske A. - JZ del

Click here to take the quiz!

General Stats

  • This quiz has been taken 104 times
    (102 since last reset)
  • The average score is 20 of 29

Answers on the Map

Answers color-coded by a green-red scale on the quiz's map according to % correct below.
 

Answer Stats

Answer% Correct
Čadrg
90%
Deskle
81%
Čepovan
79%
Kal nad Kanalom
79%
Cerkno
76%
Dolenja Trebuša
76%
Vipolže
76%
Idrijske Krnice
74%
Kneža
74%
Morsko
74%
Podbrdo
74%
Šebrelje
74%
Doblarsko jezero
(Most na Soči)
71%
Gorenja Kanomlja
71%
Neblo
71%
Solkan
71%
Gorenja Trebuša
69%
Lokve
69%
Vedrijan
67%
Vojsko
67%
Kanal
64%
Lig
64%
Porezen
60%
Modrej
57%
Petrovo Brdo
55%
Dobrovo
52%
Kneške Ravne
52%
Kojsko
48%
Smrekova Draga
40%

Score Distribution

Percentile by Number Answered

Percent of People with Each Score

Your Score History

You have not taken this quiz since the last reset